LEADER 00779cam0 2200253 450 001 E600200062174 005 20100324112120.0 100 $a20100324dS.D. |||||ita|0103 ba 101 $aita 102 $aIT 200 1 $aFausto$fLenau$gtrad. Fabio Nannarelli 210 $aMilano$cHoepli$ds.d. 215 $a250 p.$d13 cm 300 $a(bb) 700 1$aLenau$b, Nikolaus$3A600200048854$4070$0189376 801 0$aIT$bUNISOB$c20100324$gRICA 850 $aUNISOB 852 $aUNISOB$j090|Len$m44223 912 $aE600200062174 940 $aM 102 Monografia moderna SBN 941 $aM 957 $b52$fConsultabile previa autorizzazione$gNo$d44223$racquisto$1beth$2UNISOB$3UNISOB$420100324112122.0$520100324112152.0$6beth$a090|Len 996 $aFausto$91705233 997 $aUNISOB